000
00319 a2200157 4500
001
63687
020
_a
9788532205889
040
_c
Anchieta - Pituba
100
_a
Alencar, José de
240
1
0
_a
Senhora
_l
por
245
1
0
_a
Senhora
300
_a
269
362
0
_a
199
650
4
_a
Ficção brasileira
942
_c
BK
999
_c
63687
_d
63687